| 000 | 00690nam a2200193 u 4500 | ||
|---|---|---|---|
| 001 | 000562823 | ||
| 003 | AM-YeHGA | ||
| 005 | 20250618073254.0 | ||
| 008 | 071226s1965 ||||||||||||||||||||rus c | ||
| 040 | _aAM-YeHGA | ||
| 041 | 1 |
_arus _harm |
|
| 100 | 1 |
_aՀովսեփյան, Բաղիշ Արշակի, _d1922-2004 _91920 |
|
| 245 | 1 | 0 |
_aСеятели не вернулись : _bРоман / _cБ.А. Овсепян ; Пер. с арм. С. Гуллакян. |
| 260 |
_aМосква : _bСов. писатель, _c1965. |
||
| 300 |
_a312 с. ; _c16 см. |
||
| 650 | 1 | 4 | _aАрмянская литература |
| 700 | 1 |
_aГуллакян, Сюзанна _eпер. _4trl |
|
| 090 | _c221288 | ||
| 999 |
_c219757 _d219757 |
||